[Event "NOR-ch Class3"]
[Site "Oslo"]
[Date "2015.07.09"]
[Round "7"]
[White "Carstensen, Oivind"]
[Black "Sletten, Dan Vegar"]
[Result "1-0"]
[WhiteElo "1346"]
[BlackElo "1333"]
[PlyCount "69"]
[EventDate "2015.07.04"]
[EventType "swiss"]
[EventRounds "9"]
[EventCountry "NOR"]
[SourceTitle "EXT 2017"]
[Source "ChessBase"]
[SourceDate "2016.10.25"]
[SourceVersion "1"]
[SourceVersionDate "2016.10.25"]
[SourceQuality "1"]

1. d4 d5 2. b4 Nf6 3. a3 Bf5 4. Bb2 e6 5. Nd2 Bd6 6. c4 c6 7. e3 0-0 8. Ngf3 Nbd7 9. Rc1 a5 10. c5 axb4 11. axb4 Ra2 12. Qb3 Rxb2 13. Qxb2 Be7 14. Be2 b5 15. Ra1 Qc7 16. 0-0 Ng4 17. h3 Nh6 18. Qa3 Rc8 19. Qa5 Qxa5 20. Rxa5 Kf8 21. Rfa1 Ke8 22. Ra7 f6 23. Rb7 Nf7 24. g4 Nd8 25. Rba7 Bg6 26. Nh4 Bf7 27. f4 e5 28. Nf5 Bf8 29. Kg2 Ne6 30. fxe5 fxe5 31. Nb3 g6 32. Nd6+ Bxd6 33. cxd6 g5 34. Ra8 Rd8 35. Nc5 1-0